Kolikahini (Record no. 6407)

MARC details
000 -LEADER
fixed length control field 00456cam a2200193ua 4500
001 - CONTROL NUMBER
control field 7287
005 - DATE AND TIME OF LATEST TRANSACTION
control field 20260515114202.0
008 - FIXED-LENGTH DATA ELEMENTS--GENERAL INFORMATION
fixed length control field 141206n ii |||gr||||Z||||||ben
040 ## - CATALOGING SOURCE
Transcribing agency MAIN
041 ## - LANGUAGE CODE
Language code of text/sound track or separate title ben
082 ## - DEWEY DECIMAL CLASSIFICATION NUMBER
Classification number 891.443
100 ## - MAIN ENTRY--PERSONAL NAME
Personal name Bidyaranta, R. K.,
Relator term Auhtor.
245 1# - TITLE STATEMENT
Title Kolikahini
Statement of responsibility, etc. By Ram Kumar Bidyaratna
250 ## - EDITION STATEMENT
Edition statement 1st.
260 ## - PUBLICATION, DISTRIBUTION, ETC.
Place of publication, distribution, etc. Kolkatta:
Name of publisher, distributor, etc. Sahityarupa,
Date of publication, distribution, etc. 1978.
300 ## - PHYSICAL DESCRIPTION
Extent 187p.
653 ## - INDEX TERM--UNCONTROLLED
Uncontrolled term Bengali literature
942 ## - ADDED ENTRY ELEMENTS (KOHA)
Koha item type Books
Holdings
Withdrawn status Lost status Damaged status Not for loan Home library Current library Shelving location Date acquired Total checkouts Full call number Barcode Date last seen Copy number Price effective from Koha item type
        Naharkatiya College Library Naharkatiya College Library General stacks 09/19/2020   891.443 | BID 12772 09/19/2020 1 09/19/2020 Books